书目信息 |
| 题名: |
帝国的黄昏
|
|
| 作者: | 李蒙 著 | |
| 分册: | ||
| 出版信息: | 北京 中央党史出版社 2006.05 |
|
| 页数: | 230页 | |
| 开本: | 24cm | |
| 丛书名: | ||
| 单 册: | ||
| 中图分类: | K827 | |
| 科图分类: | ||
| 主题词: | 人物--传记--中国 | |
| 电子资源: | ||
| ISBN: | 7-80199-451-5 | |
| 000 | 00586 nam 000217 | |
| 001 | 012000000793 | |
| 005 | 20070902151242.94 | |
| 010 | @a7-80199-451-5@dCNY28.00 | |
| 100 | @a20070714d2006 em y0chiy0121 ea | |
| 101 | @achi | |
| 102 | @aCN@b110000 | |
| 105 | @ay z 000yy | |
| 200 | 10 | @a帝国的黄昏@9di guo de huang hun@e解密二十四朝末代皇帝@f李蒙著@Fli mang zhu |
| 210 | @a北京@c中央党史出版社@d2006.05 | |
| 215 | @a230页@d24cm | |
| 606 | @a人物@x传记@x中国 | |
| 690 | @aK827@v4 | |
| 701 | 0 | @a李蒙@9li mang@4著 |
| 801 | @aCN@c20070902 | |
| 901 | @a000001 | |
| 905 | @dK827@eL212 | |
| 帝国的黄昏:解密二十四朝末代皇帝/李蒙著.-北京:中央党史出版社,2006.05 |
| 230页;24cm |
| ISBN 7-80199-451-5:CNY28.00 |
| ● |
| 相关链接 |
|
|
|
正题名:帝国的黄昏
索取号:K827/L212
 
预约/预借
| 序号 | 登录号 | 条形码 | 馆藏地/架位号 | 状态 | 备注 |
| 1 | 642244 | 206422441 | 自科二线404/309社科库 56排5列5层/ [索取号:K827/L212] | 在馆 | |
| 2 | 642245 | 206422450 | 社科库309/309社科库 56排5列4层/ [索取号:K827/L212] | 在馆 | |
| 3 | 642246 | 206422469 | 自科二线404/309社科库 56排5列5层/ [索取号:K827/L212] | 在馆 | |
| 4 | 642247 | 206422478 | 社科库309/309社科库 56排5列4层/ [索取号:K827/L212] | 在馆 |